Football : classement ligue 1 2024-2025 - Statistiques

Statistiques générales
  • Ce quiz a été pris 224 fois
  • Le résultat moyen est 15 sur 18
Statistiques - réponses
Place Club % Correct
1 PSG
100%
2 OM
98%
3 AS Monaco
95%
4 OGC Nice
91%
6 OL
91%
5 LOSC
90%
7 Strasbourg
89%
8 Rc Lens
87%
16 Stade de Reims
82%
17 ASSE
79%
18 Montpellier
79%
10 Toulouse
79%
13 FC Nantes
78%
9 Stade Brestois
77%
12 Stade Rennais
77%
14 Angers
74%
15 Le Havre
73%
11 AJ Auxerre
69%
Aucun quiz correspondant
Distribution des résultats
% des personnes avec chaque résultat
Percentile par nombre de réponses
Votre historique - résultats
Vous n’avez pas pris ce quiz